000 00489nam a22001697a 4500
003 OSt
005 20260313144318.0
008 260313b |||||||| |||| 00| 0 eng d
040 _cMRSPTU
041 _aEnglish
100 _aArjun Singh, Supervisor: Haramritpal Singh
245 _aHousehold Dishwasher
260 _bDepartment of ME, MRSPTU, Bathinda
_c2014
650 _aMechanical Engineering
856 _uhttp://163.47.215.52:8080/jspui/handle/123456789/1202
942 _2ddc
_cTH
_n0
999 _c11145
_d11145